000 00488nam a22001577a 4500
020 _a9788123914510
050 _aTD174
_b.N37
100 _a Narayanan, P
245 _aEnvironmental pollution
_bprinciples, analysis and control
250 _a1st Edition
260 _aNew Delhi
_bCBS Publishers and Distributors
_c2007
300 _axxxii, 671p.
500 _aIncludes index
650 _bPollution, Pollution--Environmental aspects, Environmental protection
_vbook
_xPBK
942 _cGEN
999 _c679
_d679